[Event "Belgrade Itaka 1st"]
[Site "Belgrade"]
[Date "2017.10.01"]
[Round "3"]
[White "Kalinic, Dusan"]
[Black "Damjanovic, Vuk"]
[Result "1/2-1/2"]
[WhiteElo "2171"]
[BlackElo "1894"]
[PlyCount "88"]
[EventDate "2017.09.30"]
[EventType "tourn"]
[EventRounds "3"]
[EventCountry "SRB"]
[SourceTitle "CBM 181 Extra"]
[Source "ChessBase"]
[SourceDate "2017.12.12"]
[SourceVersion "1"]
[SourceVersionDate "2017.12.12"]
[SourceQuality "1"]

1. d4 c6 2. Nf3 d5 3. g3 Bg4 4. Bg2 Nd7 5. b3 Ngf6 6. Bb2 e6 7. 0-0 Be7 8. c4 0-0 9. Ne5 Nxe5 10. dxe5 Nd7 11. Nd2 Qc7 12. cxd5 cxd5 13. Rc1 Qb6 14. h3 Bh5 15. g4 Bg6 16. e4 Nc5 17. Qe2 Nxe4 18. Nxe4 Bxe4 19. Bxe4 dxe4 20. Qxe4 Rfd8 21. Rcd1 Bc5 22. Qf4 Rac8 23. Kg2 Qc6+ 24. Qf3 Qxf3+ 25. Kxf3 Kf8 26. Rxd8+ Rxd8 27. Rc1 b6 28. Ke2 Ke7 29. Rc4 a5 30. Bc1 Rd5 31. f4 Kd7 32. Be3 Kc6 33. Rc3 Kd7 34. Kf3 Bxe3 35. Kxe3 Rd1 36. Rd3+ Rxd3+ 37. Kxd3 Kc6 38. Kc4 b5+ 39. Kd4 Kb6 40. h4 Kc6 41. a3 Kb6 42. h5 Kc6 43. b4 axb4 44. axb4 Kb6 1/2-1/2

[Event "Belgrade Itaka 1st"]
[Site "Belgrade"]
[Date "2017.09.30"]
[Round "1"]
[White "Kalinic, Dusan"]
[Black "Ilincic, Zlatko"]
[Result "1/2-1/2"]
[WhiteElo "2171"]
[BlackElo "2436"]
[PlyCount "95"]
[EventDate "2017.09.30"]
[EventType "tourn"]
[EventRounds "3"]
[EventCountry "SRB"]
[SourceTitle "CBM 181 Extra"]
[Source "ChessBase"]
[SourceDate "2017.12.12"]
[SourceVersion "1"]
[SourceVersionDate "2017.12.12"]
[SourceQuality "1"]

1. d4 Nf6 2. Nf3 g6 3. Bf4 Bg7 4. e3 0-0 5. Be2 d6 6. 0-0 Nfd7 7. c4 e5 8. Bg3 Nc6 9. Nc3 h6 10. h3 f5 11. dxe5 dxe5 12. Qd5+ Kh7 13. Rad1 Qe7 14. Qd2 Nc5 15. Nd5 Qf7 16. Qc2 a5 17. h4 Be6 18. a3 a4 19. Nb4 e4 20. Nd4 Nxd4 21. exd4 Nb3 22. Be5 Bxe5 23. dxe5 c6 24. Rd6 Ra5 25. Qc3 Rc5 26. Rfd1 Re8 27. Nc2 Qg7 28. Nd4 Nxd4 29. R1xd4 Qxe5 30. Qb4 Re7 31. Rd8 b5 32. g3 bxc4 33. Bxc4 Bxc4 34. Rxc4 Rd5 35. Rd4 e3 36. f4 Rxd4 37. Rxd4 Qc7 38. Rd1 c5 39. Qc3 Qc6 40. Rd8 Re8 41. Rxe8 Qxe8 42. Qxc5 Qe4 43. Qc7+ Kg8 44. Qd8+ Kf7 45. Qd7+ Kf6 46. Qd6+ Kf7 47. Qd7+ Kf6 48. Qd6+ 1/2-1/2

[Event "Belgrade-chT"]
[Site "Belgrade"]
[Date "2015.09.28"]
[Round "7.5"]
[White "Ivic, Lazar"]
[Black "Kalinic, Dusan"]
[Result "0-1"]
[WhiteElo "1665"]
[BlackElo "2172"]
[PlyCount "68"]
[EventDate "2015.09.21"]
[EventType "team-tourn"]
[EventRounds "9"]
[EventCountry "SRB"]
[SourceTitle "CBM 168 Extra"]
[Source "ChessBase"]
[SourceDate "2015.10.29"]
[SourceVersion "1"]
[SourceVersionDate "2015.10.29"]
[SourceQuality "1"]
[WhiteTeam "Romanticari"]
[BlackTeam "Itaka"]
[WhiteTeamCountry "SRB"]
[BlackTeamCountry "SRB"]

1. e4 c5 2. Nc3 Nc6 3. g3 g6 4. Bg2 Bg7 5. d3 d6 6. Nge2 e6 7. 0-0 Nge7 8. Bf4 0-0 9. Qd2 Nd4 10. Qc1 Rb8 11. Nxd4 cxd4 12. Ne2 e5 13. Bd2 d5 14. f4 Bg4 15. Re1 dxe4 16. dxe4 Rc8 17. fxe5 Bxe2 18. Rxe2 d3 19. Re1 Rxc2 20. Qd1 Bxe5 21. Bh6 Qd4+ 22. Kh1 Qf2 23. Qf3 Qxf3 24. Bxf3 d2 25. Red1 Rd8 26. Be3 Rd3 27. Bg5 Rxf3 28. Bxe7 Bxb2 29. Rab1 Rc1 30. Kg2 Rxb1 31. Rxb1 Bc1 32. Rxb7 d1Q 33. Rb8+ Kg7 34. Bf8+ Kf6 0-1

[Event "Belgrade-chT"]
[Site "Belgrade"]
[Date "2015.09.21"]
[Round "1.3"]
[White "Mihajlovic, Miodrag"]
[Black "Kalinic, Dusan"]
[Result "0-1"]
[WhiteElo "2090"]
[BlackElo "2172"]
[PlyCount "60"]
[EventDate "2015.09.21"]
[EventType "team-tourn"]
[EventRounds "9"]
[EventCountry "SRB"]
[SourceTitle "CBM 168 Extra"]
[Source "ChessBase"]
[SourceDate "2015.10.29"]
[SourceVersion "1"]
[SourceVersionDate "2015.10.29"]
[SourceQuality "1"]
[WhiteTeam "Belgrade Radnicki"]
[BlackTeam "Itaka"]
[WhiteTeamCountry "SRB"]
[BlackTeamCountry "SRB"]

1. Nf3 d6 2. g3 e5 3. Bg2 f5 4. d3 Nf6 5. c3 Be7 6. 0-0 c6 7. a4 Qc7 8. c4 a5 9. Nc3 0-0 10. c5 dxc5 11. Qb3+ Kh8 12. Ng5 Bd6 13. f4 exf4 14. gxf4 h6 15. Nf3 Qf7 16. Qd1 Be6 17. e4 Bc7 18. Ne5 Bxe5 19. fxe5 Ng4 20. exf5 Bxf5 21. Qe2 Nd7 22. Ne4 Qg6 23. Bf4 Ngxe5 24. Bxe5 Nxe5 25. Nxc5 Rae8 26. Rae1 Nxd3 27. Nxd3 Rxe2 28. Rxe2 Qd6 29. Ne5 g6 30. Bh3 Kg7 0-1

[Event "SRB-chT"]
[Site "Kragujevac"]
[Date "2015.08.21"]
[Round "2.3"]
[White "Kalinic, Dusan"]
[Black "Kosanovic, Goran A"]
[Result "1/2-1/2"]
[WhiteElo "2172"]
[BlackElo "2397"]
[PlyCount "51"]
[EventDate "2015.08.20"]
[EventType "team-tourn"]
[EventRounds "11"]
[EventCountry "YUG"]
[SourceTitle "EXT 2016"]
[Source "ChessBase"]
[SourceDate "2015.10.08"]
[SourceVersion "1"]
[SourceVersionDate "2015.10.08"]
[SourceQuality "1"]
[WhiteTeam "Belgrade Delfin"]
[BlackTeam "Ruma Sloven"]
[WhiteTeamCountry "SRB"]
[BlackTeamCountry "SRB"]

1. d4 Nf6 2. c4 c5 3. d5 e5 4. Nc3 d6 5. e4 Be7 6. Bd3 Nbd7 7. Nf3 0-0 8. Qc2 Ne8 9. Bd2 a6 10. h3 Nc7 11. 0-0 Rb8 12. a4 b6 13. Rae1 Re8 14. b3 Nf8 15. Nh2 Bg5 16. Nf3 Bxd2 17. Qxd2 Ng6 18. Ne2 Bd7 19. Kh2 b5 20. a5 Qf6 21. Qg5 Qxg5 22. Nxg5 bxc4 23. bxc4 Rb3 24. Bc2 Rb4 25. Bd3 Rb3 26. Bc2 1/2-1/2

[Event "SRB-chT"]
[Site "Kragujevac"]
[Date "2015.08.20"]
[Round "1.5"]
[White "Saric, Sinisa"]
[Black "Kalinic, Dusan"]
[Result "1-0"]
[WhiteElo "2420"]
[BlackElo "2172"]
[PlyCount "71"]
[EventDate "2015.08.20"]
[EventType "team-tourn"]
[EventRounds "11"]
[EventCountry "YUG"]
[SourceTitle "EXT 2016"]
[Source "ChessBase"]
[SourceDate "2015.10.08"]
[SourceVersion "1"]
[SourceVersionDate "2015.10.08"]
[SourceQuality "1"]
[WhiteTeam "Novi Sad DDOR"]
[BlackTeam "Belgrade Delfin"]
[WhiteTeamCountry "SRB"]
[BlackTeamCountry "SRB"]

1. d4 d6 2. Nf3 Bg4 3. c4 Nd7 4. d5 e5 5. dxe6 Bxe6 6. e4 Ngf6 7. Nc3 Nc5 8. Nd4 Nfxe4 9. Nxe4 Nxe4 10. Nxe6 fxe6 11. Bd3 Nf6 12. Qf3 c6 13. 0-0 Be7 14. Qh3 e5 15. Bg6+ hxg6 16. Qxh8+ Kf7 17. Qh4 Qd7 18. Bg5 Qf5 19. Rad1 Rd8 20. Kh1 Rd7 21. f3 d5 22. cxd5 cxd5 23. Bxf6 Bxf6 24. Qa4 a6 25. b4 d4 26. b5 axb5 27. Qxb5 d3 28. g4 Qe6 29. Rxd3 Rxd3 30. Qxd3 Qxa2 31. Rb1 Qf2 32. Qd5+ Kf8 33. Rc1 Qb6 34. Rc8+ Ke7 35. Rb8 Qd4 36. Rxb7+ 1-0

[Event "SRB-chT"]
[Site "Palic"]
[Date "2014.09.09"]
[Round "11.6"]
[White "Velickovic, Sasa"]
[Black "Kalinic, Dusan"]
[Result "1-0"]
[WhiteElo "2373"]
[BlackElo "2083"]
[PlyCount "67"]
[EventDate "2014.08.30"]
[EventType "team-tourn"]
[EventRounds "11"]
[EventCountry "SRB"]
[SourceTitle "CBM 162 Extra"]
[Source "ChessBase"]
[SourceDate "2014.10.17"]
[SourceVersion "1"]
[SourceVersionDate "2014.10.17"]
[SourceQuality "1"]
[WhiteTeam "Belgrade Crvena Zvezda"]
[BlackTeam "Belgrade Itaka"]
[WhiteTeamCountry "SRB"]
[BlackTeamCountry "SRB"]

1. e4 c5 2. Nf3 g6 3. Bc4 Bg7 4. 0-0 d6 5. h3 Nf6 6. d3 0-0 7. Nc3 Nc6 8. a4 e5 9. Nd5 Nxd5 10. Bxd5 Be6 11. Bxe6 fxe6 12. c3 Qb6 13. Bd2 Rae8 14. Rb1 a6 15. b4 cxb4 16. cxb4 Nd4 17. Nxd4 exd4 18. b5 Kh8 19. a5 Qc7 20. bxa6 bxa6 21. Rb6 Rb8 22. Qb3 Rxb6 23. axb6 Qf7 24. b7 Rb8 25. Rb1 d5 26. exd5 exd5 27. Qb6 Be5 28. f4 Bg7 29. Qxa6 Bf8 30. Qa7 Qc7 31. Qxd4+ Kg8 32. Qxd5+ Qf7 33. Qxf7+ Kxf7 34. Be3 1-0

[Event "SRB-chT"]
[Site "Palic"]
[Date "2014.09.08"]
[Round "10.2"]
[White "Vidic, Stevan"]
[Black "Kalinic, Dusan"]
[Result "1/2-1/2"]
[WhiteElo "2284"]
[BlackElo "2083"]
[PlyCount "61"]
[EventDate "2014.08.30"]
[EventType "team-tourn"]
[EventRounds "11"]
[EventCountry "SRB"]
[SourceTitle "CBM 162 Extra"]
[Source "ChessBase"]
[SourceDate "2014.10.17"]
[SourceVersion "1"]
[SourceVersionDate "2014.10.17"]
[SourceQuality "1"]
[WhiteTeam "Pacir Backa"]
[BlackTeam "Belgrade Itaka"]
[WhiteTeamCountry "SRB"]
[BlackTeamCountry "SRB"]

1. d4 d6 2. Nf3 Bg4 3. e3 Nd7 4. Be2 Ngf6 5. b3 e6 6. Bb2 Be7 7. 0-0 0-0 8. Nbd2 c5 9. c4 b6 10. h3 Bh5 11. e4 Bg6 12. Bd3 d5 13. Qe2 dxe4 14. Nxe4 Nxe4 15. Bxe4 Bxe4 16. Qxe4 Bf6 17. Rfd1 Qc7 18. Rd2 cxd4 19. Bxd4 Nc5 20. Bxc5 bxc5 21. Rad1 Rad8 22. Rxd8 Rxd8 23. Rxd8+ Bxd8 24. Qa8 g6 25. Ng5 Kg7 26. Ne4 Be7 27. Nc3 Qe5 28. Qf3 Qe1+ 29. Kh2 Bf6 30. Ne4 Bd4 31. Qf4 1/2-1/2

[Event "SRB-chT"]
[Site "Palic"]
[Date "2014.09.01"]
[Round "3.2"]
[White "Kalinic, Dusan"]
[Black "Radlovacki, Jovan"]
[Result "0-1"]
[WhiteElo "2083"]
[BlackElo "2427"]
[PlyCount "88"]
[EventDate "2014.08.30"]
[EventType "team-tourn"]
[EventRounds "11"]
[EventCountry "SRB"]
[SourceTitle "CBM 162 Extra"]
[Source "ChessBase"]
[SourceDate "2014.10.17"]
[SourceVersion "1"]
[SourceVersionDate "2014.10.17"]
[SourceQuality "1"]
[WhiteTeam "Belgrade Itaka"]
[BlackTeam "Kac Jugovic"]
[WhiteTeamCountry "SRB"]
[BlackTeamCountry "SRB"]

1. d4 Nf6 2. c4 e6 3. Nc3 Bb4 4. Nf3 b6 5. Bg5 h6 6. Bh4 Bb7 7. e3 g5 8. Bg3 Ne4 9. Qc2 0-0 10. Nd2 Bxc3 11. bxc3 Nxg3 12. hxg3 Kg7 13. e4 c5 14. d5 e5 15. Be2 Na6 16. Nf1 d6 17. Ne3 Bc8 18. Bg4 Bxg4 19. Nxg4 Rh8 20. Ne3 Qd7 21. Qe2 Rag8 22. Nf5+ Kf8 23. Rh5 Nc7 24. Nxh6 Rg7 25. Nf5 Rgh7 26. g4 Ne8 27. 0-0-0 Nf6 28. Rxg5 Qd8 29. Ng3 Nxd5 30. Qd2 Nxc3 31. Re1 Nxa2+ 32. Kb1 Nb4 33. Rxe5 Qf6 34. Rf5 Qe6 35. Nh5 Rh6 36. Qg5 Nc6 37. e5 Qxc4 38. Qg7+ Ke8 39. exd6+ Kd8 40. Re3 Nb4 41. Rc3 Qa2+ 42. Kc1 Re8 43. Re5 Qa1+ 44. Kd2 Qb2+ 0-1

[Event "SRB Central-ch op-A 5th"]
[Site "Paracin"]
[Date "2012.07.12"]
[Round "8"]
[White "Cvetanovic, Uros"]
[Black "Kalinic, Dusan"]
[Result "1/2-1/2"]
[WhiteElo "2225"]
[BlackElo "2082"]
[PlyCount "59"]
[EventDate "2012.07.06"]
[EventType "swiss"]
[EventRounds "9"]
[EventCountry "SRB"]
[SourceTitle "CBM 149 Extra"]
[Source "ChessBase"]
[SourceDate "2012.08.24"]
[SourceVersion "1"]
[SourceVersionDate "2012.08.24"]
[SourceQuality "1"]

1. e4 c5 2. Nf3 Nc6 3. d4 cxd4 4. Nxd4 g6 5. Nc3 Bg7 6. Be3 Nf6 7. Bc4 0-0 8. Bb3 a5 9. f3 d5 10. exd5 Nb4 11. Ndb5 a4 12. Nxa4 Nfxd5 13. Bd2 Bd7 14. Nbc3 Bxa4 15. Nxa4 Rxa4 16. Bxa4 Bxb2 17. 0-0 Bxa1 18. Qxa1 Qb6+ 19. Kh1 Rc8 20. Bh6 Nc3 21. Bb3 Qf6 22. a3 Na6 23. Re1 g5 24. Re3 Qxh6 25. Rxc3 Rxc3 26. Qxc3 Qd6 27. Qe3 Qd1+ 28. Qg1 Qd6 29. Qc1 h6 30. a4 1/2-1/2

[Event "SRB Central-ch op-A 5th"]
[Site "Paracin"]
[Date "2012.07.06"]
[Round "1"]
[White "Kalinic, Dusan"]
[Black "Martic, Zlatko"]
[Result "0-1"]
[WhiteElo "2082"]
[BlackElo "2356"]
[PlyCount "74"]
[EventDate "2012.07.06"]
[EventType "swiss"]
[EventRounds "9"]
[EventCountry "SRB"]
[SourceTitle "CBM 149 Extra"]
[Source "ChessBase"]
[SourceDate "2012.08.24"]
[SourceVersion "1"]
[SourceVersionDate "2012.08.24"]
[SourceQuality "1"]

1. e4 d6 2. d4 Nf6 3. Nc3 g6 4. f4 Bg7 5. Nf3 0-0 6. Bd3 Na6 7. 0-0 c5 8. d5 Nc7 9. Re1 a6 10. a4 b6 11. Qe2 Bb7 12. Nd1 e6 13. c4 exd5 14. cxd5 Re8 15. Qf1 b5 16. Bd2 Qd7 17. Nf2 Nh5 18. g4 Nf6 19. h3 bxa4 20. Bc2 Nb5 21. Bxa4 Rab8 22. Bc3 Qe7 23. Bxf6 Qxf6 24. Nd3 c4 25. g5 Qd8 26. Nf2 Rc8 27. Rac1 Qa5 28. Rxc4 Rxc4 29. Qxc4 Rc8 30. Qa2 Nd4 31. Re3 Nxf3+ 32. Rxf3 Qe1+ 33. Kg2 Rc1 34. Rd3 Qg1+ 35. Kf3 Rf1 36. b4 Bc8 37. Qc2 Bxh3 0-1

[Event "Belgrade tt Cup"]
[Site "Belgrade"]
[Date "2012.04.22"]
[Round "5.4"]
[White "Isic, Kosta"]
[Black "Kalinic, Dusan"]
[Result "0-1"]
[WhiteElo "1712"]
[BlackElo "2078"]
[PlyCount "66"]
[EventDate "2012.04.18"]
[EventType "team-swiss"]
[EventRounds "5"]
[EventCountry "SRB"]
[SourceTitle "CBM 148 Extra"]
[Source "ChessBase"]
[SourceDate "2012.06.22"]
[SourceVersion "1"]
[SourceVersionDate "2012.06.22"]
[SourceQuality "1"]
[WhiteTeam "Polet"]
[BlackTeam "Itaka"]
[WhiteTeamCountry "SRB"]
[BlackTeamCountry "SRB"]

1. e4 c5 2. Nc3 Nc6 3. g3 g6 4. Bg2 Bg7 5. d3 e6 6. Be3 d6 7. Qd2 Nge7 8. Bh6 0-0 9. Bxg7 Kxg7 10. Nge2 Nd4 11. 0-0 Rb8 12. Nc1 b5 13. Nd1 b4 14. c3 bxc3 15. bxc3 Ndc6 16. Ne3 Ba6 17. Rd1 e5 18. Nb3 f5 19. d4 f4 20. gxf4 exf4 21. Nc2 c4 22. Nc1 f3 23. Bf1 d5 24. exd5 Nxd5 25. Ne3 Rf4 26. Nxd5 Rg4+ 27. Kh1 Qxd5 28. a3 Rh4 29. h3 Qh5 30. Kh2 Rxh3+ 31. Bxh3 Bc8 32. Kg1 Qxh3 33. Qg5 Bg4 0-1

[Event "Belgrade-chT"]
[Site "Belgrade"]
[Date "2011.10.12"]
[Round "11.3"]
[White "Kalinic, Dusan"]
[Black "Sivacki, Milorad"]
[Result "1-0"]
[WhiteElo "2052"]
[BlackElo "2142"]
[PlyCount "71"]
[EventDate "2011.10.01"]
[EventType "team-tourn"]
[EventRounds "11"]
[EventCountry "SRB"]
[SourceTitle "CBM 144 Extra"]
[Source "ChessBase"]
[SourceDate "2011.10.28"]
[SourceVersion "1"]
[SourceVersionDate "2011.10.28"]
[SourceQuality "1"]
[WhiteTeam "Delfin"]
[BlackTeam "Bogoslov"]
[WhiteTeamCountry "YUG"]
[BlackTeamCountry "YUG"]

1. e4 c5 2. c3 d5 3. exd5 Qxd5 4. d4 cxd4 5. cxd4 Nc6 6. Nf3 e5 7. Nc3 Bb4 8. Bd2 Bxc3 9. Bxc3 e4 10. Ne5 Nxe5 11. dxe5 Ne7 12. Be2 0-0 13. 0-0 Bf5 14. Qa4 Nc6 15. Rfd1 Qe6 16. Bc4 Qg6 17. Rd6 Qg5 18. Bd5 Qf4 19. Bxc6 bxc6 20. Qd4 Be6 21. Rxc6 Qg4 22. Re1 Rfd8 23. Rd6 Rxd6 24. exd6 f5 25. f3 Qg6 26. fxe4 f4 27. Rf1 Rf8 28. Kh1 Qg4 29. Qe5 Bc4 30. Rf3 Qg6 31. Rxf4 Re8 32. Qd4 Bxa2 33. d7 Rd8 34. Ba5 Qg5 35. Bxd8 Qxf4 36. Bg5 1-0

[Event "SRB-ch U20"]
[Site "Donji Milanovac"]
[Date "2011.08.07"]
[Round "11"]
[White "Kalinic, Dusan"]
[Black "Mladenovic, Stefan"]
[Result "1/2-1/2"]
[WhiteElo "2009"]
[BlackElo "2161"]
[PlyCount "20"]
[EventDate "2011.08.01"]
[EventType "tourn"]
[EventRounds "11"]
[EventCountry "SRB"]
[SourceTitle "CBM 144 Extra"]
[Source "ChessBase"]
[SourceDate "2011.10.28"]
[SourceVersion "1"]
[SourceVersionDate "2011.10.28"]
[SourceQuality "1"]

1. d4 Nf6 2. Nf3 d5 3. c4 e6 4. g3 Be7 5. Bg2 c6 6. 0-0 0-0 7. b3 Nbd7 8. Bb2 b6 9. Nbd2 Bb7 10. Qc2 Rc8 1/2-1/2

[Event "SRB Central-ch op-A 4th"]
[Site "Paracin"]
[Date "2011.07.15"]
[Round "9"]
[White "Draskovic, Luka"]
[Black "Kalinic, Dusan"]
[Result "1/2-1/2"]
[WhiteElo "2135"]
[BlackElo "2009"]
[PlyCount "42"]
[EventDate "2011.07.08"]
[EventType "swiss"]
[EventRounds "9"]
[EventCountry "SRB"]
[SourceTitle "CBM 143 Extra"]
[Source "ChessBase"]
[SourceDate "2011.08.29"]
[SourceVersion "1"]
[SourceVersionDate "2011.08.29"]
[SourceQuality "1"]

1. e4 c5 2. Nf3 Nc6 3. d4 cxd4 4. Nxd4 g6 5. c4 Nf6 6. Nc3 d6 7. Nc2 Bg7 8. Be2 0-0 9. 0-0 Be6 10. Bd2 Rc8 11. b3 a5 12. Rc1 Nd7 13. Ne3 Nc5 14. Ned5 Bxd5 15. exd5 Nb4 16. a3 Nba6 17. Rb1 Nb8 18. b4 axb4 19. axb4 Ncd7 20. Qb3 Na6 21. Rfc1 Ra8 1/2-1/2

[Event "SRB Central-ch op-A 4th"]
[Site "Paracin"]
[Date "2011.07.09"]
[Round "2"]
[White "Jeremic, Milan"]
[Black "Kalinic, Dusan"]
[Result "1-0"]
[WhiteElo "2172"]
[BlackElo "2009"]
[PlyCount "89"]
[EventDate "2011.07.08"]
[EventType "swiss"]
[EventRounds "9"]
[EventCountry "SRB"]
[SourceTitle "CBM 143 Extra"]
[Source "ChessBase"]
[SourceDate "2011.08.29"]
[SourceVersion "1"]
[SourceVersionDate "2011.08.29"]
[SourceQuality "1"]

1. d4 Nf6 2. g3 e6 3. Bg2 Be7 4. Nf3 d5 5. 0-0 0-0 6. b3 b6 7. Bb2 Bb7 8. c4 Nbd7 9. cxd5 exd5 10. Nc3 Ne4 11. Rc1 Nxc3 12. Bxc3 Ba3 13. Rc2 Nf6 14. Ne5 Ne4 15. Be1 c5 16. f3 Nf6 17. e3 a5 18. g4 Nd7 19. Bg3 Nxe5 20. dxe5 Qe7 21. f4 Rfd8 22. Qe1 d4 23. Bh4 f6 24. exf6 gxf6 25. Bxb7 Qxb7 26. Bxf6 Re8 27. Qh4 Rxe3 28. Qg5+ Kf8 29. Be5 Qf7 30. Qh6+ Kg8 31. Qxb6 Qg6 32. Qb7 Re8 33. g5 Qf7 34. Qc6 Bb4 35. g6 hxg6 36. Rg2 Kh7 37. Rg4 Rh3 38. Qg2 Rh5 39. Rf3 Qf5 40. Rgg3 Be1 41. Rf1 Rxe5 42. fxe5 Qxe5 43. Rxg6 Rf5 44. Rg7+ Kh6 45. Qg6# 1-0

[Event "SRB-ch U16"]
[Site "Kragujevac"]
[Date "2011.04.30"]
[Round "9"]
[White "Kalinic, Dusan"]
[Black "Mladenovic, Stefan"]
[Result "1-0"]
[WhiteElo "1966"]
[BlackElo "2124"]
[PlyCount "111"]
[EventDate "2011.04.24"]
[EventType "swiss"]
[EventRounds "9"]
[EventCountry "SRB"]
[SourceTitle "CBM 142 Extra"]
[Source "ChessBase"]
[SourceDate "2011.06.27"]
[SourceVersion "1"]
[SourceVersionDate "2011.06.27"]
[SourceQuality "1"]

1. d4 Nf6 2. c4 e6 3. Nc3 Bb4 4. Qc2 0-0 5. a3 Bxc3+ 6. Qxc3 d5 7. Bg5 Nbd7 8. e3 h6 9. Bh4 b6 10. cxd5 exd5 11. Bd3 Bb7 12. Ne2 Rc8 13. 0-0 Ne4 14. Bxd8 Nxc3 15. Be7 Nxe2+ 16. Bxe2 Rfe8 17. Bh4 a6 18. Bg4 Re6 19. Bxe6 fxe6 20. Bg3 c5 21. Rac1 c4 22. f3 b5 23. Be5 a5 24. f4 g6 25. g4 Rf8 26. h4 Rf7 27. Kh2 Kh7 28. Kg3 h5 29. f5 exf5 30. gxh5 gxh5 31. Kf4 Kh6 32. Rg1 Nf8 33. Rg2 Ng6+ 34. Kg3 Nxe5 35. dxe5 Rg7+ 36. Kf2 Rxg2+ 37. Kxg2 d4+ 38. Kf2 d3 39. Rg1 Be4 40. Ke1 b4 41. axb4 axb4 42. Kd2 Bd5 43. Rg5 Be6 44. Rg1 Bd5 45. Ra1 Kg6 46. Ra5 c3+ 47. bxc3 bxc3+ 48. Kxd3 Be4+ 49. Kxc3 Kf7 50. Kd4 Ke7 51. Ra6 Kd7 52. e6+ Ke7 53. Ke5 Kf8 54. Kf6 f4 55. exf4 Bd5 56. Rd6 1-0

[Event "SRB-ch U16"]
[Site "Kragujevac"]
[Date "2011.04.28"]
[Round "7"]
[White "Indjic, Aleksandar"]
[Black "Kalinic, Dusan"]
[Result "1-0"]
[WhiteElo "2303"]
[BlackElo "1966"]
[PlyCount "120"]
[EventDate "2011.04.24"]
[EventType "swiss"]
[EventRounds "9"]
[EventCountry "SRB"]
[SourceTitle "CBM 142 Extra"]
[Source "ChessBase"]
[SourceDate "2011.06.27"]
[SourceVersion "1"]
[SourceVersionDate "2011.06.27"]
[SourceQuality "1"]

1. d4 Nf6 2. g3 e6 3. Bg2 d5 4. Nf3 Be7 5. 0-0 0-0 6. c4 dxc4 7. Qc2 a6 8. a4 Bd7 9. Qxc4 Bc6 10. Bf4 Nbd7 11. Nbd2 Bd6 12. Bg5 h6 13. Bxf6 Nxf6 14. Qc2 Bb4 15. Rfd1 Bxd2 16. Rxd2 Be4 17. Qb3 Rc8 18. Rc1 Qe7 19. Ne5 Rfd8 20. f3 Bd5 21. Qc3 b6 22. e4 Bb7 23. Qb3 Nd7 24. Nc4 e5 25. d5 Qc5+ 26. Qe3 Qxe3+ 27. Nxe3 Nc5 28. Bh3 Rb8 29. Rdc2 Bc8 30. Bxc8 Rbxc8 31. Rc4 a5 32. R1c2 c6 33. dxc6 Rxc6 34. Nd5 Rcd6 35. Nxb6 Nxe4 36. Rxe4 Rxb6 37. Rxe5 Rdb8 38. Rxa5 Rxb2 39. Rxb2 Rxb2 40. h4 g6 41. Ra7 h5 42. Kf1 Kg7 43. a5 Ra2 44. a6 Kf6 45. Ke1 Ke5 46. Ra8 f6 47. Kd1 Kf5 48. Kc1 g5 49. hxg5 Kxg5 50. Kb1 Ra5 51. Kb2 Kf5 52. Kb3 Ra1 53. Kb4 Ra2 54. Kb5 Ra3 55. Rg8 Rxf3 56. a7 Ra3 57. a8Q Rxa8 58. Rxa8 Kg4 59. Rg8+ Kf3 60. Kc4 f5 1-0